Minnesota's Watershed Districts - Statistics

General Stats
  • This quiz has been taken 19 times
  • The average score is 6 of 46
Answer Stats
COUNTY WATERSHED % Correct
Beltrami Red Lake Watershed District
94%
Washington Carnelian Marine Saint Croix Watershed District
47%
Kandiyohi Middle Fork Crow River Watershed District
47%
Hennepin Minnehaha Creek Watershed District
47%
Pope North Fork Crow River Watershed District
47%
Wilkin Buffalo-Red River Watershed District
35%
Roseau Roseau River Watershed District
29%
Renville Buffalo Creek Watershed District
24%
Chippewa Lac Qui Parle-Yellow Bank Watershed District
24%
Todd Sauk River Watershed District
24%
Norman Wild Rice Watershed District
24%
Lincoln Yellow Medicine River Watershed District
18%
Wabasha Bear Valley Watershed District
12%
Wilkin Bois De Sioux Watershed District
12%
Mower Cedar River Watershed District
12%
Marshall Middle Snake Tamarac Rivers Watershed District
12%
Becker Pelican River Watershed District
12%
Scott Prior Lake-Spring Lake Watershed District
12%
Ramsey Ramsey-Washington Metro Watershed District
12%
Washington South Washington Watershed District
12%
Kittson The Two Rivers Watershed District
12%
Goodhue Belle Creek Watershed District
6%
Wright Clearwater River Watershed District
6%
Chisago Comfort Lake-Forest Lake Watershed District
6%
Anoka Coon Creek Watershed District
6%
Becker Cormorant Lakes Watershed District
6%
Anoka Rice Creek Watershed District
6%
Polk Sand Hill River Watershed District
6%
Freeborn Shell Rock River Watershed District
6%
Ramsey Valley Branch Watershed District
6%
Lake of the Woods Warroad Watershed District
6%
Washington Brown's Creek Watershed District
0%
Ramsey Capitol Region Watershed District
0%
Houston Crooked Creek Watershed District
0%
Jackson Heron Lake Watershed District
0%
Sibley High Island Watershed District
0%
Kittson Joe River Watershed District
0%
Nobles Kanaranzi-Little Rock Watershed District
0%
Scott Lower Minnesota River Watershed District
0%
Hennepin Nine Mile Creek Watershed District
0%
Nobles Okabena-Ocheda Watershed District
0%
Hennepin Riley-Purgatory-Bluff Creek Watershed District
0%
Winona Stockton-Rollingstone-Minnesota City Watershed District
0%
Crow Wing Thirty Lakes Watershed District
0%
Freeborn Turtle Creek Watershed District
0%
Big Stone Upper Minnesota River Watershed District
0%
No matching quizzes found
Score Distribution
Percent of People with Each Score
Percentile by Number Answered
Your Score History
You have not taken this quiz